000 00497nam a22001817a 4500
003 SISC
005 20160203152444.0
008 130116t xxu||||| |||| 00| 0 eng d
050 _aRT 61
_b.Sw973 1974
082 _aHS 613
_bSw11 1974
100 _aSwartout, Hubert O.
_916899
245 _aSick care in the home /
_cHubert O. Swartout.
260 _aManila :
_bPhilippine Publishing House.
_c1974.
300 _a100 p. ;
_c20 cm.
650 _a4390
_916900
942 _2lcc
_cBK
999 _c10670
_d10670